|
|
|
|
| LEADER |
00929cam a2200253 7i4500 |
| 001 |
0000031203 |
| 005 |
20170218090000.0 |
| 008 |
091217 eng |
| 020 |
|
|
|a 9781402094378 (hbk.)
|
| 040 |
|
|
|a OCLC
|
| 090 |
0 |
0 |
|a TA35
|b .I29 2009
|
| 111 |
2 |
|
|a International Conference on Motion and Vibration Contro
|c Munich, Germany
|d 2008
|n 9th
|
| 245 |
1 |
0 |
|a Motion and vibration control :
|b selected papers from MOVIC 2008
|c Heinz Ulbrich, Lucas Ginzinger, editors.
|
| 246 |
3 |
0 |
|a MOVIC 2008.
|
| 260 |
|
|
|a Germany:
|b Springer,
|c 2009.
|
| 300 |
|
|
|a xi, 378 p.:
|b ill., col.;
|c 25 cm.
|
| 504 |
|
|
|a Includes bibliographical references and index
|
| 650 |
0 |
0 |
|a Motion
|
| 650 |
0 |
0 |
|a Vibration
|
| 700 |
1 |
|
|a Ulbrich, H.
|
| 700 |
1 |
|
|a Ginzinger, Lucas
|
| 997 |
|
|
|a Engineering, Faculty
|b Engineering, Department
|
| 998 |
|
|
|a Mechanical Engineering, Degree
|
| 999 |
|
|
|a 0000035265
|b BOK
|c OPEN SHELF
|e 2nd Floor, Bestari Jaya
|